Pays qui possédaient Budapest à travers l'histoire - Statistiques

Statistiques générales
  • Ce quiz a été pris 73 fois
    61 depuis la dernière actualisation
  • Le résultat moyen est 9 sur 10
Statistiques - réponses
Période Pays % Correct
1946 - Aujourd'hui Hongrie
94%
1918 - 1920 Republique d'Hongrie
94%
1001 - 1526 Royaume de Hongrie
94%
1920 - 1946 Royaume de Hongrie
94%
1687 - 1806 Archiduché d'Autriche
92%
1806 - 1867 Empire d'Autriche
92%
1945 URSS
90%
1956 URSS
90%
1526 - 1687 Empire Ottoman
75%
1867 - 1918 Autriche-Hongrie
65%
Aucun quiz correspondant
Distribution des résultats
% des personnes avec chaque résultat
Percentile par nombre de réponses
Votre historique - résultats
Vous n’avez pas pris ce quiz depuis la dernière actualisation